000 00759nam a22002057a 4500
005 20251108171034.0
008 250721s2001 xx 000 0 ara d
082 1 4 _a327.11/خلا
100 1 _aالخلايلة، أحمد
_eمؤلف
245 1 0 _aالنظام العالمي و مستقبل النظام العربي :
_bمستقبل النظام العربي /
264 1 _aعمان :
_bمركز المستقبل للدراسات،
_c2001.
300 _a100ص.
490 0 _aالملف الأستراتجي؛يصدرها المستقبل للدراسات
_v3
650 1 7 _aالسيا سة الخارجية
650 1 7 _aالعرب
650 1 7 _aالعولمة
650 1 7 _aالعلوم الأجتماعية
942 _2ddc
_cBK
999 _c55026
_d55026